Water resources management: Issues and strategies for agricultural sector (Record no. 58593)

000 -LEADER
fixed length control field 01291pab a2200181 454500
008 - FIXED-LENGTH DATA ELEMENTS--GENERAL INFORMATION
fixed length control field 180718b2003 xxu||||| |||| 00| 0 eng d
100 ## - MAIN ENTRY--PERSONAL NAME
Personal name Dewan, R.L.
245 ## - TITLE STATEMENT
Title Water resources management: Issues and strategies for agricultural sector
260 ## - PUBLICATION, DISTRIBUTION, ETC.
Date of publication, distribution, etc. 2003
300 ## - PHYSICAL DESCRIPTION
Extent p.497-500.
362 ## - DATES OF PUBLICATION AND/OR SEQUENTIAL DESIGNATION
Dates of publication and/or sequential designation Jul-Sep
520 ## - SUMMARY, ETC.
Summary, etc. The article deals with some specific issues and strategies in the field of water management. It focuses on reducing conveyance and application losses, scheduling of the irrigation; equitable distribution of irrigation water and its conductive use; pricing of water; application of suitable cropping pattern and participatory irrigation management, some of the possible strategies resorted to with a view to minimising the priority problems of farmers include formation of an interdisciplinary team of specialists comprising the agricultural engineers, agronomists, sociologists and economists for proper assessment and implementation of solutions. These solutions need to be tested and demonstrated under actual field conditions for their wider and faster acceptance by the beneficiaries farmers. - Reproduced.
650 ## - SUBJECT ADDED ENTRY--TOPICAL TERM
Topical term or geographic name entry element Agriculture
650 ## - SUBJECT ADDED ENTRY--TOPICAL TERM
Topical term or geographic name entry element Water resources management
773 ## - HOST ITEM ENTRY
Main entry heading Indian Journal of Public Administration
908 ## - PUT COMMAND PARAMETER (RLIN)
Put command parameter N
909 ## -
-- 58593
Holdings
Withdrawn status Lost status Damaged status Not for loan Permanent Location Current Location Date acquired Serial Enumeration / chronology Barcode Date last seen Price effective from Koha item type
        Indian Institute of Public Administration Indian Institute of Public Administration 2018-07-19 Volume no: 49, Issue no: 3 AR59038 2018-07-19 2018-07-19 Articles

Powered by Koha